Elementary statistical techniques / (Record no. 3759)

MARC details
000 -LEADER
fixed length control field 00736pam a2200241 a 4500
001 - CONTROL NUMBER
control field 3315127
003 - CONTROL NUMBER IDENTIFIER
control field OSt
005 - DATE AND TIME OF LATEST TRANSACTION
control field 20160425191914.0
008 - FIXED-LENGTH DATA ELEMENTS--GENERAL INFORMATION
fixed length control field 841010s1985 caua b 001 0 eng
010 ## - LIBRARY OF CONGRESS CONTROL NUMBER
LC control number 84023826
020 ## - INTERNATIONAL STANDARD BOOK NUMBER
International Standard Book Number 0534046681 (pbk.) :
Terms of availability $18.95
040 ## - CATALOGING SOURCE
Original cataloging agency DLC
Transcribing agency DLC
Modifying agency DLC
050 00 - LIBRARY OF CONGRESS CALL NUMBER
Classification number QA276.12
Item number .E49 1985
082 00 - DEWEY DECIMAL CLASSIFICATION NUMBER
Classification number 310
Edition number 19
Item number ELZ 1985
100 1# - MAIN ENTRY--PERSONAL NAME
Personal name Elzey, Freeman F.
9 (RLIN) 8285
245 10 - TITLE STATEMENT
Title Elementary statistical techniques /
Statement of responsibility, etc. Freeman F. Elzey.
260 ## - PUBLICATION, DISTRIBUTION, ETC. (IMPRINT)
Place of publication, distribution, etc. Monterey, Calif. :
Name of publisher, distributor, etc. Brooks/Cole,
Date of publication, distribution, etc. 1985.
300 ## - PHYSICAL DESCRIPTION
Extent x, 234 p. :
Other physical details ill. ;
Dimensions 24 cm.
504 ## - BIBLIOGRAPHY, ETC. NOTE
Bibliography, etc Includes bibliographical references and index.
650 #0 - SUBJECT ADDED ENTRY--TOPICAL TERM
Topical term or geographic name as entry element Statistics.
9 (RLIN) 1274
906 ## - LOCAL DATA ELEMENT F, LDF (RLIN)
a 7
b cbc
c orignew
d 1
e ocip
f 19
g y-gencatlg
942 ## - ADDED ENTRY ELEMENTS (KOHA)
Source of classification or shelving scheme Dewey Decimal Classification
Koha item type Short Loan
Holdings
Withdrawn status Lost status Source of classification or shelving scheme Damaged status Not for loan Home library Current library Date acquired Inventory number Total Checkouts Full call number Barcode Date last seen Price effective from Koha item type
    Dewey Decimal Classification     MUST Main Library MUST Main Library 25/04/2016 2002/16956   310 ELZ 1985 2016-1329 25/04/2016 25/04/2016 Short Loan